00252nam a2200109Ia 4500008004100000020001800041082001400059100001200073245003200085260001200117500001300129260604s9999 xx 000 0 und d a9788197429361 a808.3 BLU aBLUEONE 0aIt’s the highest priority bBLUEONE aPriority